书目信息 |
| 题名: |
应对市场还是应对政府
|
|
| 作者: | 徐雷 著 | |
| 分册: | ||
| 出版信息: | 北京 中国社会科学出版社 2013 |
|
| 页数: | 200页 | |
| 开本: | 24cm | |
| 丛书名: | ||
| 单 册: | ||
| 中图分类: | F271.3 | |
| 科图分类: | ||
| 主题词: | 企业竞争--研究 , 企业竞争 | |
| 电子资源: | ||
| ISBN: | 978-7-5161-3645-4 | |
| 000 | 01368nam0 2200289 450 | |
| 001 | 523 | |
| 005 | 20140908165640.96 | |
| 010 | @a978-7-5161-3645-4@dCNY46.00 | |
| 100 | @a20140228d2013 em y0chiy50 ea | |
| 101 | 0 | @achi |
| 102 | @aCN@b110000 | |
| 105 | @ay z 000yy | |
| 106 | @ar | |
| 200 | 1 | @a应对市场还是应对政府@AYing Dui Shi Chang Huan Shi Ying Dui Zheng Fu@e权衡选择、经营绩效与国民财富@EQuan Heng Xuan Ze、 Jing Ying Ji Xiao Yu Guo Min Cai Fu@f徐雷著@FXu Lei Zhu |
| 210 | @a北京@c中国社会科学出版社@d2013 | |
| 215 | @a200页@d24cm | |
| 300 | @a教育部人文社会科学青年项目研究成果 | |
| 312 | @a封面英文题名:Cope with market or cope with government: weigh options, performance and national wealth | |
| 330 | @a本书首先构建了企业双能力理论,包括:企业竞争力由应对市场和应对政府的能力构成,且企业需要投入资源以获取这两种能力;企业在两种能力上的权衡选择关系到企业总体竞争优势的形成;最后,在双能力的视角下为企业行为和政府行为提出了相应的对策建议。 | |
| 510 | 1 | @aCope with market or cope with government@eweigh options, performance and national wealth@zeng |
| 517 | 1 | @a权衡选择、经营绩效与国民财富@AQuan Heng Xuan Ze、 Jing Ying Ji Xiao Yu Guo Min Cai Fu |
| 606 | 0 | @a企业竞争@x研究 |
| 606 | 0 | @a企业竞争 |
| 690 | @aF271.3@v5 | |
| 701 | 0 | @a徐雷@AXu Lei@f(1983~)@4著 |
| 801 | 0 | @aCN@bTANGWEI@c20140603 |
| 905 | @b0839449-51@dF271.3@e984@f3 | |
| 应对市场还是应对政府:权衡选择、经营绩效与国民财富/徐雷著.-北京:中国社会科学出版社,2013 |
| 200页;24cm |
| 教育部人文社会科学青年项目研究成果 |
| ISBN 978-7-5161-3645-4:CNY46.00 |
| 本书首先构建了企业双能力理论,包括:企业竞争力由应对市场和应对政府的能力构成,且企业需要投入资源以获取这两种能力;企业在两种能力上的权衡选择关系到企业总体竞争优势的形成;最后,在双能力的视角下为企业行为和政府行为提出了相应的对策建议。 |
| ● |
| 相关链接 |
|
|
|
|
正题名:应对市场还是应对政府
索取号:F271.3/984
 
预约/预借
| 序号 | 登录号 | 条形码 | 馆藏地/架位号 | 状态 | 备注 |
| 1 | 0839449 | 208394496 | 第一样本阅览室/ [索取号:F271.3/984] | 在馆 | |
| 2 | 0839450 | 208394502 | 第一借阅区/ [索取号:F271.3/984] | 在馆 | |
| 3 | 0839451 | 208394511 | 密集书库-海洋学院/ [索取号:F271.3/984] | 在馆 |